OPAC Home

ශාස්ත්‍රිය සංග්‍රහය - බලගල්ල සරස්වතී මහ පිරිවෙන (Record no. 144823)

MARC details
000 -LEADER
fixed length control field 00635nam a22001817a 4500
003 - CONTROL NUMBER IDENTIFIER
control field LK-CoDNM
005 - DATE AND TIME OF LATEST TRANSACTION
control field 20240202122021.0
008 - FIXED-LENGTH DATA ELEMENTS--GENERAL INFORMATION
fixed length control field 240202b |||||||| |||| 00| 0 eng d
020 ## - INTERNATIONAL STANDARD BOOK NUMBER
International Standard Book Number 9789555292535
040 ## - CATALOGING SOURCE
Original cataloging agency LK-CoDNM
Modifying agency LK-CoDNM
Description conventions LK-CoDNM
041 ## - LANGUAGE CODE
Language code of text/sound track or separate title Sinhala; Sinhalese
080 ## - UNIVERSAL DECIMAL CLASSIFICATION NUMBER
Universal Decimal Classification number 82-9
Item number SHA
942 ## - ADDED ENTRY ELEMENTS (KOHA)
Koha item type Books
100 ## - MAIN ENTRY--PERSONAL NAME
Personal name ධම්මදස්ස,නාරාවිල/ඤාණසීල,හපුවලානේ
245 ## - TITLE STATEMENT
Title ශාස්ත්‍රිය සංග්‍රහය - බලගල්ල සරස්වතී මහ පිරිවෙන
260 ## - PUBLICATION, DISTRIBUTION, ETC. (IMPRINT)
Place of publication, distribution, etc. Diulapitiya
Name of publisher, distributor, etc. Saraswathi Prakashana
Date of publication, distribution, etc. 2021
300 ## - PHYSICAL DESCRIPTION
Extent 236p.,21cm

No items available.

Copyright © 2023 Department of National Museum, Colombo 07, Sri Lanka Funded by UNESCO IFAP UNESCO